Arctic attack / (Record no. 7968)

MARC details
000 -LEADER
fixed length control field 01202nam a22003017a 4500
001 - CONTROL NUMBER
control field 7968
003 - CONTROL NUMBER IDENTIFIER
control field FISKH
005 - DATE AND TIME OF LATEST TRANSACTION
control field 20251210145454.0
008 - FIXED-LENGTH DATA ELEMENTS--GENERAL INFORMATION
fixed length control field 250815b cb ||||| |||| 00| 0 eng d
020 ## - INTERNATIONAL STANDARD BOOK NUMBER
International Standard Book Number 9781434217288
040 ## - CATALOGING SOURCE
Original cataloging agency FISKH
Language of cataloging eng
Transcribing agency FISKH
Modifying agency FISKH
050 ## - LIBRARY OF CONGRESS CALL NUMBER
Classification number PZ7.G82764 A
082 ## - DEWEY DECIMAL CLASSIFICATION NUMBER
Classification number 741.5973
100 ## - MAIN ENTRY--PERSONAL NAME
Personal name Greenberger, Robert
245 ## - TITLE STATEMENT
Title Arctic attack /
Statement of responsibility, etc. Written by Robert Greenberger
260 ## - PUBLICATION, DISTRIBUTION, ETC.
Place of publication, distribution, etc. Minnesota :
Name of publisher, distributor, etc. Stone Arch Books ,
Date of publication, distribution, etc. 2013.
300 ## - PHYSICAL DESCRIPTION
Extent 47 pages :
Other physical details color illustrations ;
Dimensions 19 cm .
490 ## - SERIES STATEMENT
Series statement DC Super Heroes (Batman)
505 ## - FORMATTED CONTENTS NOTE
Formatted contents note R <br/>
520 ## - SUMMARY, ETC.
Summary, etc. "While researching the Arctic for a school project, Robin discovers that something is heating the glaciers--and it's not just global warming. With Batman's help, Robin discovers that the evil R?'s al Gh?l is behind the environmental disruption. The Dynamic Duo head to the Arctic to stop his evil plan and prevent an ecological disaster"-Unedited summary from book.
521 8# - TARGET AUDIENCE NOTE
Target audience note 690 <br/>
Source Lexile <br/>
521 8# - TARGET AUDIENCE NOTE
Target audience note R <br/>
Source Raz-Plus <br/>
650 ## - SUBJECT ADDED ENTRY--TOPICAL TERM
Topical term or geographic name entry element Superheroes
Form subdivision Fiction
700 ## - ADDED ENTRY--PERSONAL NAME
Personal name Kruse, Jason
Relator term Illustrator
700 ## - ADDED ENTRY--PERSONAL NAME
Personal name Loughridge, Lee
Relator term Illustrator
942 ## - ADDED ENTRY ELEMENTS (KOHA)
Source of classification or shelving scheme Dewey Decimal Classification
Koha item type Books
Suppress in OPAC No
Holdings
Withdrawn status Lost status Source of classification or shelving scheme Damaged status Not for loan Collection Home library Current library Shelving location Date acquired Total Checkouts Full call number Barcode Date last seen Date last checked out Copy number Price effective from Koha item type
    Library of Congress Classification     Juvenile Fiction Footprints International School Library Network Toul Tom Poung Campus Footprints International School Library Network Toul Kork Campus TTP Primary Orange Bookshelves 08/15/2025 1 GRE 741.5973 PZ7.G82764 A FIS03391 03/05/2026 02/26/2026 1 08/15/2025 Books
    Library of Congress Classification     Juvenile Fiction Footprints International School Library Network Toul Tom Poung Campus Footprints International School Library Network Toul Tom Poung Campus TTP Primary Orange Bookshelves 10/24/2025   GRE 741.5973 PZ7.G82764 A FISTK00566 10/24/2025   2 10/24/2025 Books